00751nam a22002292a 450000100060000000300080000600500170001400800410003103500190007204000270009104100080011808200200012610000310014624501200017726000460029730000450034350400260038865000210041465100190043565100210045471000460047527054BD-RjUL20211209051115.0140324s1958 enkb b 000 0 eng d a(BD-RjUL)27125 aORZcORZdBD-RjULbeng aeng a956.9bLOS 19581 aLongrigg, Stephen Hemsley.10aSyria and Lebanon under French mandate /bIssued under the auspices of the Royal Institute of International Affairs aOxford University Press :bLondon,c1958. a404 p. :bmaps (1 fold.)p23 cm ;c22 cm. aIncludes bibliography 0aMandateszFrance 0aSyriaxHistory 0aLebanonxHistory2 aRoyal Institute of International Affairs.